Quartiers d'Aix-en-Provence - Statistiques

Statistiques générales
  • Ce quiz a été pris 153 fois
  • Le résultat moyen est 5 sur 16
Statistiques - réponses
Réponse % Correct
Jas de Bouffan
63%
Centre Ancien
53%
Pont de l'Arc
51%
Les Milles
48%
Sextius Mirabeau
42%
Puyricard
40%
Encagnane
38%
Luynes
35%
Val Saint André
33%
La Duranne
27%
Célony
23%
La Torse
23%
Saint-Mitre
16%
Les Platanes
13%
Les Granettes
5%
Pont de Berraud
3%
Aucun quiz correspondant
Distribution des résultats
% des personnes avec chaque résultat
Percentile par nombre de réponses
Votre historique - résultats
Vous n’avez pas pris ce quiz